Los mejores cuentos para niños
Guardat en:
| Autor principal: | |
|---|---|
| Format: | Llibre |
| Idioma: | espanyol |
| Publicat: |
Santiago
Zig-Zag
1981
|
| Edició: | 3a. ed |
| Col·lecció: | Colección infantil Zig-Zag
|
| Matèries: | |
| Etiquetes: |
Afegir etiqueta
Sense etiquetes, Sigues el primer a etiquetar aquest registre!
|
MARC
| LEADER | 00000nam a2200000 a 4500 | ||
|---|---|---|---|
| 001 | UCZ0140 | ||
| 003 | CL-VaPUC | ||
| 005 | 20250415164035.0 | ||
| 008 | 950724e19810100CL |||||||||||||||||spa|d | ||
| 999 | |c 237106 |d 237104 | ||
| 040 | |c Pontificia Universidad Católica de Valparaíso | ||
| 082 | 0 | 4 | |a 808.068 |b ROJ |2 21 |
| 100 | 0 | |a Rojas, María Eugenia |e author |9 342781 | |
| 245 | 1 | 4 | |a Los mejores cuentos para niños |
| 250 | |a 3a. ed | ||
| 260 | |a Santiago |b Zig-Zag |c 1981 | ||
| 300 | |a 166 p | ||
| 490 | 0 | |a Colección infantil Zig-Zag | |
| 583 | |a last modification |c 19950724 00:00:00 |k Rodrigo Vera | ||
| 650 | 0 | |a Literatura infantil |9 307465 |x Cuentos | |
| 942 | |c BK |2 ddc | ||
| 945 | |d 19950724 00:00:00 |a lriquelm | ||
| 952 | |0 0 |1 0 |4 0 |6 808_068000000000000_ROJ_1981 |7 0 |8 A |9 245891 |a BIBEDU |b BIBEDU |d 2019-11-18 |i 1534408 |o 808.068 ROJ 1981 |p 1534408 |r 2019-11-18 |w 2019-11-18 |y BK |k EDU | ||
| 952 | |0 0 |1 0 |4 0 |6 808_068000000000000_ROJ_1981 |7 0 |8 A |9 245892 |a BIBEDU |b BIBEDU |d 2019-11-18 |i 1534416 |o 808.068 ROJ 1981 |p 1534416 |r 2019-11-18 |w 2019-11-18 |y BK |k EDU | ||